ADVANCED INORGANIE ANALYSIS (Record no. 10023)

MARC details
000 -LEADER
fixed length control field 00309nam a22001457a 4500
003 - CONTROL NUMBER IDENTIFIER
control field SGT
082 ## - DEWEY DECIMAL CLASSIFICATION NUMBER
Classification number GUR,541
100 ## - MAIN ENTRY--PERSONAL NAME
Personal name GURTU, J.N.
245 ## - TITLE STATEMENT
Title ADVANCED INORGANIE ANALYSIS
250 ## - EDITION STATEMENT
Edition statement 6TH
260 ## - PUBLICATION, DISTRIBUTION, ETC. (IMPRINT)
Place of publication, distribution, etc NEW DELHI
Name of publisher, distributor, etc PRAGATI PRAKASHAN
Year of Publication 2014
300 ## - PAGE DESCRIPTION
No. of Pages 546
650 ## - SUBJECT ADDED ENTRY--TOPICAL TERM
Topical term or geographic name as entry element CHEMISTRY
942 ## - ADDED ENTRY ELEMENTS (KOHA)
Source of classification or shelving scheme Dewey Decimal Classification
Koha item type FPS Books
Holdings
Withdrawn status Lost status Source of classification or shelving scheme Damaged status Not for loan Collection code Home library Current library Shelving location Date acquired Vendor Name Cost, normal purchase price SGTU Bill Number Total Checkouts Total Renewals Full call number Accession No. (Barcode) Date last seen Date last borrowed Bill Date Koha item type
    Dewey Decimal Classification     SCIENCE SGT Science & Social Sciences Library SGT Science & Social Sciences Library Text Book 25/11/2016 PRAGATI PRAKASHAN 280.00 SGTU 7099 11 1 GUR,541 PS2666 07/02/2020 23/01/2020 26/09/2016 FPS Books
    Dewey Decimal Classification     SCIENCE SGT Science & Social Sciences Library SGT Science & Social Sciences Library Text Book 25/11/2016 PRAGATI PRAKASHAN 280.00 SGTU 7099 12   GUR,541 PS2667 03/11/2020 04/03/2020 26/09/2016 FPS Books
    Dewey Decimal Classification     SCIENCE SGT Science & Social Sciences Library SGT Science & Social Sciences Library Text Book 25/11/2016 PRAGATI PRAKASHAN 280.00 SGTU 7099 9   GUR,541 PS2668 06/04/2021 16/03/2021 26/09/2016 FPS Books
    Dewey Decimal Classification     SCIENCE SGT Science & Social Sciences Library SGT Science & Social Sciences Library Text Book 25/11/2016 PRAGATI PRAKASHAN 280.00 SGTU 7099 5   GUR,541 PS2669 16/02/2021 04/02/2021 26/09/2016 FPS Books
    Dewey Decimal Classification     SCIENCE SGT Science & Social Sciences Library SGT Science & Social Sciences Library Text Book 25/11/2016 PRAGATI PRAKASHAN 280.00 SGTU 7099 6 1 GUR,541 PS2670 24/09/2021 06/09/2021 26/09/2016 FPS Books